301 câu đàm thoại tiếng Hoa

में बचाया:
ग्रंथसूची विवरण
स्वरूप: Sách
भाषा:Undetermined
प्रकाशित:  Khoa học Xã hội  2010
विषय:
टैग : टैग जोड़ें
कोई टैग नहीं, इस रिकॉर्ड को टैग करने वाले पहले व्यक्ति बनें!
Thư viện lưu trữ: Trung tâm Thư viện - Trường Đại học Công nghiệp TP. Hồ Chí Minh
LEADER 00427nam a2200133Ia 4500
001 UIH_04909
008 231011s9999 xx 000 0 und d
082 |a  495.1 
245 0 |a  301 câu đàm thoại tiếng Hoa 
260 |b  Khoa học Xã hội 
260 |c  2010 
650 |a  Tiếng Trung Quốc;  
927 |a Sách 
980 |a Trung tâm Thư viện - Trường Đại học Công nghiệp TP. Hồ Chí Minh